Normal view
MARC view
- LUBRICANTS OPERATIONS DIVISION
Entry Personal Name
001 - CONTROL NUMBER
- control field: 74567
003 - CONTROL NUMBER IDENTIFIER
- control field: NUST
005 - DATE AND TIME OF LATEST TRANSACTION
- control field: 20210628205238.0
008 - FIXED-LENGTH DATA ELEMENTS
- fixed length control field: 210628|| aca||aabn | a|a d
040 ## - CATALOGING SOURCE
- Original cataloging agency: NUST
- Transcribing agency: NUST
100 ## - HEADING--PERSONAL NAME
- Personal name: LUBRICANTS OPERATIONS DIVISION
670 ## - SOURCE DATA FOUND
- Source citation: Work cat.: (NUST): LUBRICANTS OPERATIONS DIVISION, THE INTRODUCTION TO THE THEORY OF PRACTICE OF ENGINE TESTING LUBRICATING OILS, 1982
